000 00635nam a2200229Ia 4500
003 OSt
005 20221007074226.0
006 a|||||r|||| 00| 0
007 ta
008 221006b |||||||| |||| 00| 0 eng d
024 _a27,506
037 _cReports / Technical Reports
040 _aFLL
_cFLL
_beng
041 _2eng
_aeng
082 _aZ58-1, K9
100 _aTunkin Grigory
_9692753
245 0 _aContemporary international law
260 _aMoscow
_bProgress Publishers
_c1969
300 _a290p
_ccm.
942 _hZ58-1, K9
_cREP
_2CC
999 _c1151603
_d1151603